Minor Civil Divisions (Townships) of North Dakota With a Map - Statistics

General Stats
  • This quiz has been taken 115 times
  • The average score is 147 of 1761
Answers on the Map
Answers color-coded by a green-red scale on the quiz's map according to % correct below.
 
Answer Stats
County MCD % Correct
Cass Fargo
81%
Burleigh Bismarck
80%
Grand Forks Grand Forks
71%
Dickey Ada
63%
Walsh Adams
63%
Sargent Jackson
61%
Burleigh Lincoln-Fort Rice
61%
Eddy Lake Washington
59%
Burleigh | Pembina Lincoln
59%
McKenzie Sioux
59%
Grand Forks Washington
59%
Ward Minot
58%
Pierce Jefferson
53%
Richland Grant
51%
Cass Rich
47%
Burleigh Logan
46%
Hettinger Madison
46%
Pembina Pembina
46%
Cass West Fargo
46%
Nelson Lee
44%
Bowman Bowman
42%
Stark Dickinson
42%
Dunn Dodge
42%
Wells Johnson
42%
Towner Monroe
42%
Barnes Pierce
42%
LaMoure Sheridan
42%
Ward Willis
42%
Cavalier Billings
41%
Bottineau Bottineau
41%
Stutsman Jamestown
41%
Cass Lake
41%
Bottineau Renville
41%
Burke Richland
41%
Kidder | Nelson Williams
41%
Steele Franklin
39%
Barnes Green
39%
Adams Hettinger
39%
Cass Buffalo
37%
Mountrail Burke
37%
Pembina Cavalier
37%
Dickey Divide
37%
Foster McHenry
37%
McLean Mercer
37%
Barnes Nelson
37%
Towner Springfield
37%
Kidder Steele
37%
McHenry Towner
37%
Barnes | Dickey | Kidder Valley
37%
Burke Ward
37%
Eddy Eddy
36%
Walsh Golden
36%
Mercer | Williams Golden Valley
36%
LaMoure LaMoure
36%
Pembina La Moure
36%
Burleigh McKenzie
36%
Bowman Star
36%
Cass Arthur
34%
Cass Barnes
34%
Divide Clinton
34%
LaMoure Dickey
34%
Pembina Hamilton
34%
Morton | Ward Mandan
34%
Williams Mont
34%
Burleigh Morton
34%
Mountrail Mountrail
34%
Rolette Rolette
34%
Sargent | Stark Taylor
34%
Wells Wells
34%
Williams Williston
34%
Benson York
34%
Oliver | Richland Center
32%
Ramsey Devils Lake
32%
Cass Hill
32%
Bottineau Lewis
32%
Sargent Ransom
32%
Renville Roosevelt
32%
Sargent Sargent
32%
Kidder Allen
31%
Cass | LaMoure | Sheridan | Wells Berlin
31%
Ward Harrison
31%
Cavalier Hay
31%
Nelson Lakota
31%
Williams Oliver
31%
Burleigh Richmond
31%
Benson | Grant Rock
31%
Grand Forks Union
31%
Pierce White
31%
McHenry Brown
29%
Renville Clay
29%
Bottineau Sherman
29%
Burleigh Wilson
29%
Stutsman | Walsh Cleveland
27%
Traill Morgan
27%
Renville Van Buren
27%
Cass Warren
27%
McKenzie Alex
25%
Stutsman Buchanan
25%
McLean Butte
25%
Nelson Central
25%
Hettinger Clark
25%
Ransom Greene
25%
Golden Valley Henry
25%
Sheridan | Walsh Martin
25%
Pembina Mountain
25%
Barnes Anderson
24%
Grand Forks Chester
24%
Burke Columbus
24%
LaMoure Glen
24%
Bowman | LaMoure Marion
24%
Burleigh Missouri
24%
Mountrail New Town
24%
Sargent Southwest
24%
Cass | Mountrail Stanley
24%
Golden Valley Beach
22%
Eddy Columbia
22%
Traill Garfield
22%
Kidder Graf
22%
Traill Hillsboro
22%
Benson Knox
22%
Ward McKinley
22%
Dickey | Kidder Northwest
22%
LaMoure Prairie
22%
Ward Anna
20%
Burke Clayton
20%
Walsh Eden
20%
Wells Hamberg
20%
Dickey | Wells Hamburg
20%
Bowman Hart
20%
Kidder | Mountrail | Ransom Liberty
20%
Barnes Marsh
20%
Billings Medora
20%
Ramsey Morris
20%
Nelson Ora
20%
Adams Orange
20%
LaMoure | Williams Ray
20%
Pierce Rugby
20%
Towner Smith
20%
Barnes Valley City
20%
Bottineau Wayne
20%
McKenzie | Stutsman Alexander
19%
Cass Bell
19%
Sheridan Boone
19%
Renville Brandon
19%
Divide Burg
19%
LaMoure Dean
19%
Burke Fay
19%
Walsh Grafton
19%
Dickey Kent
19%
Williams Marshall
19%
Cavalier Munich
19%
Pembina Park
19%
Grand Forks Plymouth
19%
Stutsman St. Paul
19%
Ramsey Webster
19%
Burke Bowbells
17%
Ward Burlington
17%
Towner Cando
17%
Burke Carter
17%
Divide Crosby
17%
McLean | Ward Douglas
17%
Dickey | Grant Elm
17%
Grand Forks Fairfield
17%
Sheridan Fairview
17%
Cavalier Fremont
17%
Stutsman Gray
17%
LaMoure Greenville
17%
Cavalier Grey
17%
Sargent Hall
17%
Ramsey Harding
17%
Cavalier Milton
17%
Cavalier | Walsh Minto
17%
Renville Mohall
17%
Ransom Moore
17%
Renville Plain
17%
Steele Riverside
17%
Rolette Rolla
17%
Stutsman Rose
17%
Adams Scott
17%
Grand Forks Thompson
17%
Towner Victor
17%
Richland Wahpeton
17%
Divide Alexandria
15%
McIntosh Ashley
15%
Mountrail Austin
15%
Benson Beaver
15%
Emmons | Hettinger Campbell
15%
Steele Finley
15%
Sioux Fort Yates
15%
Dickey German
15%
Cavalier Henderson
15%
Benson Iowa
15%
McHenry Land
15%
Cavalier Langdon
15%
Ransom Lisbon
15%
Stutsman Lyon
15%
Dickey Maple
15%
Grand Forks | Nelson Michigan
15%
Burke Minnesota
15%
Morton New Salem
15%
Traill Norway
15%
Mercer Stanton
15%
Rolette St. John
15%
Williams Tioga
15%
McKenzie Watford City
15%
Wells Western
15%
Steele Westfield
15%
Dickey Wright
15%
McLean Andrews
14%
Mercer Beulah
14%
Foster Carrington
14%
Slope Carroll
14%
Adams Cedar
14%
Griggs Cooperstown
14%
Burke Dale
14%
Rolette Dunseith
14%
Mercer East Mercer
14%
Oliver East Oliver
14%
Steele Easton
14%
Cass Erie
14%
Divide Fillmore
14%
Ward Freedom
14%
Morton | Williams Hebron
14%
Cavalier | Ramsey | Steele Hope
14%
Hettinger Kennedy
14%
Sargent Kingston
14%
McLean Max
14%
Logan Napoleon
14%
Eddy New Rockford
14%
Barnes Nome
14%
Ramsey Northfield
14%
Sioux North Sioux
14%
Stutsman Paris
14%
Cavalier Perry
14%
Traill Portland
14%
Dickey | McLean Riverdale
14%
Cass Rochester
14%
Ramsey Stevens
14%
LaMoure Swede
14%
Burleigh Taft
14%
Divide Troy
14%
Kidder | Walsh Vernon
14%
McLean Victoria
14%
Hettinger Walker
14%
Mercer West Mercer
14%
Oliver West Oliver
14%
Burleigh | McLean Wilton
14%
Benson Albert
12%
Bottineau Antler
12%
Stutsman Ashland
12%
Cass Ayr
12%
Barnes Baldwin
12%
Richland Barrie
12%
Stutsman Bloom
12%
Grand Forks Blooming
12%
Williams Brooklyn
12%
Grant Carson
12%
Cass Casselton
12%
Slope Crawford
12%
Kidder Dawson
12%
Nelson Dayton
12%
Griggs Dover
12%
Richland Eagle
12%
McKenzie East McKenzie
12%
Morton East Morton
12%
Dickey Ellendale
12%
Cass | Ransom Enderlin
12%
Wells Fessenden
12%
Cavalier | Wells Harvey
12%
Mercer Hazen
12%
Cass Hunter
12%
Cavalier Huron
12%
Benson Leeds
12%
Emmons | Ward Linton
12%
Wells Lynn
12%
Sheridan McClusky
12%
Cavalier Moscow
12%
Bottineau Newburg
12%
Cass Noble
12%
Billings North Billings
12%
Emmons North Emmons
12%
Burke North Star
12%
Walsh Norton
12%
McKenzie Randolph
12%
Cass Raymond
12%
Cass Reed
12%
Bowman Rhame
12%
Renville Sherwood
12%
Eddy | Richland Sheyenne
12%
McKenzie Southeast McKenzie
12%
Emmons South Emmons
12%
Sioux Southwest Sioux
12%
Pembina St. Thomas
12%
McKenzie Tri
12%
Rolette Turtle Mountain
12%
Griggs | McLean Washburn
12%
Morton West Morton
12%
Stutsman Windsor
12%
Cass Addison
10%
Williams Athens
10%
Kidder Baker
10%
Stark Belfield
10%
McHenry | Nelson Bergen
10%
Griggs Bryan
10%
Ward Cameron
10%
Richland Colfax
10%
Ward Denmark
10%
Sargent Denver
10%
Pembina Drayton
10%
Williams Dublin
10%
Stutsman Durham
10%
Adams East Adams
10%
Logan East Logan
10%
McIntosh East McIntosh
10%
Rolette East Rolette
10%
Stark East Stark
10%
Walsh Farmington
10%
Divide Frederick
10%
Logan Glendale
10%
Walsh Glenwood
10%
Griggs | Traill Greenfield
10%
Burleigh Harriet-Lein
10%
Divide | McKenzie Hawkeye
10%
Griggs Helena
10%
Cass | Hettinger | Sheridan Highland
10%
Cass Horace
10%
Slope Hughes
10%
Dunn Killdeer
10%
McHenry Lebanon
10%
Grand Forks Lind
10%
Dickey Lorraine
10%
Kidder Manning
10%
Cass Mapleton
10%
Traill Mayville
10%
McHenry Meadow
10%
Stutsman Medina
10%
Benson | Ramsey Minnewaukan
10%
Hettinger Mott
10%
McHenry Newport
10%
Barnes Norma
10%
Burke North Burke
10%
McKenzie North McKenzie
10%
Rolette North Rolette
10%
McIntosh Northwest McIntosh
10%
Grand Forks Northwood
10%
McHenry Norwich
10%
Mountrail Oakland
10%
Cass Page
10%
Walsh Pulaski
10%
Mountrail Ross
10%
LaMoure Russell
10%
Steele Sharon
10%
Billings South Billings
10%
Dunn South Dunn
10%
Rolette South Rolette
10%
McIntosh Southwest McIntosh
10%
McKenzie Southwest McKenzie
10%
McLean St. Mary
10%
McHenry Velva
10%
Towner Virginia
10%
Pembina Walhalla
10%
Adams West Adams
10%
Logan West Logan
10%
Stark West Stark
10%
Cass Wheatland
10%
Burleigh Wing
10%
Cass Alice
8%
Grand Forks Allendale
8%
Divide Ambrose
8%
McHenry Anamoose
8%
Benson Arne
8%
McKenzie Arnegard
8%
Pembina Bathgate
8%
Ward Berthold
8%
Traill Blanchard
8%
Traill Bloomfield
8%
Eddy Bush
8%
Cavalier Calvin
8%
Hettinger Cannon Ball
8%
Grant East Grant
8%
McLean East McLean
8%
Walsh Edinburg
8%
Cavalier | Grant Elgin
8%
Richland Fairmount
8%
Nelson Field
8%
Sargent Forman
8%
Burleigh Francis
8%
Logan Fredonia
8%
McLean Garrison
8%
Burleigh Gibbs
8%
Renville Glenburn
8%
Morton Glen Ullin
8%
Renville Grano
8%
McHenry Granville
8%
Bottineau Hastings
8%
Williams Hazel
8%
Ward Kenmare
8%
Bottineau Lansford
8%
Grand Forks Larimore
8%
Burke Lignite
8%
Renville Loraine
8%
Benson Maddock
8%
Stutsman Manns
8%
Hettinger New England
8%
Golden Valley North Golden Valley
8%
Pierce North Pierce
8%
Sheridan North Sheridan
8%
Dickey Oakes
8%
Ramsey Ontario
8%
Mountrail Palermo
8%
Mountrail Parshall
8%
Mountrail Plaza
8%
Burke Portal
8%
Barnes Potter
8%
Cass Prairie Rose
8%
Grant Raleigh
8%
Ward Ree
8%
Renville Rockford
8%
McHenry Saline
8%
Burke Soo
8%
Stark South Heart
8%
McLean South McLean
8%
Pierce South Pierce
8%
Sheridan South Sheridan
8%
Renville Stafford
8%
Ramsey Sullivan
8%
Richland Summit
8%
Eddy Superior
8%
Williams Trenton
8%
McLean Turtle Lake
8%
Kidder Tuttle
8%
Grand Forks Walle
8%
Bowman West Bowman
8%
Bottineau Westhope
8%
Cavalier West Hope
8%
McLean West McLean
8%
McIntosh Wishek
8%
McIntosh Zeeland
8%
Richland Abercrombie
7%
LaMoure Adrian
7%
Williams Alamo
7%
Dickey Albion
7%
Cavalier Alma
7%
Cass Amenia
7%
Slope Amidon
7%
Nelson Aneta
7%
Richland Antelope
7%
Cass Argusville
7%
Towner Atkins
7%
Ransom Bale
7%
Pierce Balta
7%
Cavalier | Mountrail Banner
7%
Towner Bethel
7%
Traill Bingham
7%
Towner Bisbee
7%
Bottineau Blaine
7%
Divide Blooming Valley
7%
McKenzie Blue Butte
7%
Burleigh Boyd
7%
Wells Bremen
7%
Cass Briarwood
7%
Cavalier Calio
7%
Ward Carbondale
7%
Pembina Carlisle
7%
McKenzie Central McKenzie
7%
Stutsman Chicago
7%
Burleigh | Kidder Clear Lake
7%
Mountrail Clearwater
7%
McLean Coleharbor
7%
Mountrail Cottonwood
7%
Stutsman Courtenay
7%
Ramsey Crary
7%
Cass Davenport
7%
Ward Des Lacs
7%
Divide De Witt
7%
McHenry Drake
7%
Cavalier Dresden
7%
Richland Dwight
7%
Golden Valley East Golden Valley
7%
LaMoure Edgeley
7%
Burke Flaxton
7%
Divide Fortuna
7%
Logan Gackle
7%
McLean Gate
7%
Burleigh Glenview
7%
Golden Valley Golva
7%
Cavalier Gordon
7%
LaMoure Grand Rapids
7%
Ward Greely
7%
Richland Greendale
7%
Dunn Halliday
7%
Nelson Hamlin
7%
Ramsey Hammer
7%
Richland Hankinson
7%
Ransom Hanson
7%
Cass Harwood
7%
Bottineau Hoffman
7%
Grant Howe
7%
Nelson Illinois
7%
Grand Forks Inkster
7%
Cass Kindred
7%
Grand Forks Lakeville
7%
Ward Makoti
7%
Bottineau Maxbass
7%
Steele Melrose
7%
Pierce Meyer
7%
Pembina Midland
7%
Nelson Nash
7%
Pembina Neche
7%
LaMoure Nora
7%
Traill Norman
7%
Slope Northeast Slope
7%
Slope Northwest Slope
7%
Cass Oxbow
7%
Walsh Park River
7%
Stutsman Peterson
7%
Dickey Porter
7%
Mountrail Powers
7%
Burke | Mountrail Powers Lake
7%
Stark Richardton
7%
Kidder Robinson
7%
Towner Rock Lake
7%
Towner Rocklake
7%
Barnes Rogers
7%
Ward Ryder
7%
Cavalier | Towner Sarles
7%
Bowman Scranton
7%
Eddy | Ransom Sheldon
7%
Sioux Solen
7%
Bottineau Souris
7%
Golden Valley South Golden Valley
7%
Ward Spencer
7%
Stutsman Spiritwood
7%
Ramsey Starkweather
7%
Barnes | Kidder Stewart
7%
Pembina St. Joseph
7%
Ward Surrey
7%
Renville Tolley
7%
Cass Tower
7%
Pierce Truman
7%
Divide Twin Butte
7%
McLean Underwood
7%
Burke Vale
7%
Cavalier Wales
7%
Kidder Wallace
7%
Benson Warwick
7%
Cass Watson
7%
Grant West Grant
7%
Mountrail West Mountrail
7%
Slope West Slope
7%
Grand Forks Wheatfield
7%
Bottineau Wheaton
7%
Burleigh Wild Rose
7%
Williams Wildrose
7%
Barnes Wimbledon
7%
Stutsman Woodbury
7%
Walsh Acton
5%
Bowman Adelaide
5%
Morton Almont
5%
Cavalier Alsen
5%
Barnes Alta
5%
Grand Forks Americus
5%
Bottineau Amity
5%
McKenzie Antelope Creek
5%
Burleigh Apple Creek
5%
Hettinger Ashby
5%
Barnes Ashtabula
5%
Kidder Atwood
5%
Grand Forks Avon
5%
Griggs Ball Hill
5%
McHenry Bantry
5%
Richland Barney
5%
Ramsey Bartlett
5%
Dickey Bear Creek
5%
Steele Beaver Creek
5%
Traill Belmont
5%
McLean Benedict
5%
McHenry Berwick
5%
Mountrail | Ransom Big Bend
5%
Griggs Binford
5%
Hettinger Black Butte
5%
Divide Border
5%
Sargent Bowen
5%
Emmons Braddock
5%
Richland Brandenburg
5%
Benson Brinsmade
5%
Benson Broe
5%
Cavalier Bruce
5%
Foster Bucephalia
5%
Adams Bucyrus
5%
Bowman Buena Vista
5%
Golden Valley Bullion
5%
Ward Burt
5%
Benson Butte Valley
5%
Traill Buxton
5%
Traill Caledonia
5%
Renville Callahan
5%
Ward Carpio
5%
Slope Cash
5%
Adams Central Adams
5%
Adams Chandler
5%
Burleigh Christiania
5%
Richland Christine
5%
Ramsey Churchs Ferry
5%
Cass Clifton
5%
Divide Coalfield
5%
Renville Colquhoun
5%
Ramsey Coulee
5%
Pembina Crystal
5%
McHenry Deering
5%
Stutsman Deer Lake
5%
Stark Dickinson North
5%
Stark Dickinson South
5%
Ward Donnybrook
5%
Cavalier East Alma
5%
Benson | Williams East Fork
5%
Foster Eastman
5%
McHenry East McHenry
5%
Renville Eden Valley
5%
Stutsman Edmunds
5%
Towner Egeland
5%
Golden Valley Elk Creek
5%
Pierce Elling
5%
Golden Valley Elmwood
5%
Grand Forks Emerado
5%
Cass Empire
5%
Cass Everest
5%
Kidder Excelsior
5%
Grand Forks Ferry
5%
Logan Finn
5%
Morton Flasher
5%
Nelson Forde
5%
Dunn | McKenzie | McLean | Mercer Fort Berthold
5%
Benson Fort Totten
5%
Richland Freeman
5%
Cass Frontier
5%
Cass Gardner
5%
Stutsman Glacier
5%
Foster Glenfield
5%
Cass | Traill Grandin
5%
Williams Grenora
5%
Sargent Gwinner
5%
Renville Hamerly
5%
Renville Hamlet
5%
Ramsey Hampden
5%
Cavalier Hannah
5%
Towner Hansboro
5%
Cass Harmony
5%
Slope Harper
5%
Traill Hatton
5%
Foster Haven
5%
Emmons Hazelton
5%
LaMoure Henrietta
5%
Ward Hilton
5%
Dickey Hudson
5%
Renville Hurley
5%
Benson Isabel
5%
Grand Forks Johnstown
5%
LaMoure Jud
5%
Bottineau Kane
5%
McKenzie Keene
5%
Stutsman Kensal
5%
Bottineau Kramer
5%
LaMoure Kulm
5%
Barnes Lake Town
5%
Burke Lakeview
5%
Bottineau Landa
5%
Towner Lansing
5%
Ramsey Lawton
5%
Grant Leipzig
5%
Grant Leith
5%
Cass Leonard
5%
Cavalier Linden
5%
Burleigh Long Lake
5%
Griggs Mabel
5%
Adams Maine
5%
Barnes Mansfield
5%
Grand Forks Manvel
5%
Cass Maple River
5%
Slope Marmarth
5%
Ward Maryland
5%
Walsh Medford
5%
Stutsman Midway
5%
Sargent Milnor
5%
Bowman Minnehaha
5%
Stutsman Montpelier
5%
Cavalier Montrose
5%
McHenry Mouse River
5%
Stutsman Newbury
5%
Grant New Leipzig
5%
Grand Forks Niagara
5%
Divide | Ramsey Noonan
5%
McHenry Northeast McHenry
5%
Ransom Northland
5%
McHenry North Prairie
5%
Cass North River
5%
Grand Forks Oakville
5%
Benson Oberon
5%
Hettinger | Ramsey Odessa
5%
Towner Olson
5%
Barnes Oriska
5%
Mountrail Osborn
5%
Bottineau Overly
5%
Burleigh Painted Woods
5%
Divide Palmer
5%
Kidder Peace
5%
Nelson Pekin
5%
Towner | Walsh Perth
5%
Nelson Petersburg
5%
Stutsman Pingree
5%
Cass Pleasant
5%
Cass Pontiac
5%
Renville Prosperity
5%
Logan Red Lake
5%
Cass Reile's Acres
5%
Grand Forks | Traill Reynolds
5%
Burleigh Rock Hill
5%
Barnes Rosebud
5%
McLean Rosemont
5%
McLean Ruso
5%
LaMoure Ryan
5%
Logan Sealy
5%
Barnes | Kidder Sibley
5%
Adams South Fork
5%
Mountrail Southwest Mountrail
5%
Stutsman Spiritwood Lake
5%
Burleigh Sterling
5%
Bowman Stillwater
5%
Ward St. Marys
5%
Emmons Strasburg
5%
Sheridan Strassburg
5%
Stutsman Streeter
5%
Kidder Tappen
5%
Towner Teddy
5%
Nelson Tolna
5%
Barnes | Cass Tower City
5%
Cavalier Trier
5%
Benson Twin Lake
5%
McKenzie Twin Valley
5%
McHenry Upham
5%
LaMoure Verona
5%
Richland | Traill Viking
5%
McHenry Voltaire
5%
Cavalier Waterloo
5%
Bottineau Wellington
5%
Divide Westby
5%
Griggs Willow
5%
Bottineau Willow City
5%
Stutsman Winfield
5%
McLean Wise
5%
Pierce Wolford
5%
McKenzie Yellowstone
5%
Dickey Yorktown
5%
Mercer Zap
5%
Hettinger Acme
3%
Griggs Addie
3%
Nelson Adler
3%
Pembina Advance
3%
Ward Afton
3%
Grand Forks Agnes
3%
Pembina Akra
3%
Dickey Albertha
3%
Mountrail Alger
3%
Ransom Aliceton
3%
Ransom Alleghany
3%
Bowman Amor
3%
McLean Amundsville
3%
Pierce Antelope Lake
3%
Walsh Ardoch
3%
Towner Armourdale
3%
Grand Forks Arvilla
3%
McLean Aurena
3%
Benson Aurora
3%
Ward Baden
3%
LaMoure Badger
3%
Hettinger Baer
3%
McHenry Balfour
3%
Williams Barr Butte
3%
Griggs Bartley
3%
Burke Battleview
3%
Pembina Beaulieu
3%
Hettinger Beery
3%
Adams Beisigl
3%
Richland Belford
3%
Bottineau Bentinck
3%
Grand Forks Bentru
3%
Mountrail Bicker
3%
Williams Big Stone
3%
Barnes Binghampton
3%
Foster Birtsell
3%
McHenry Bjornson
3%
LaMoure Black Loam
3%
McLean Blackwater
3%
Stutsman Bloomenfield
3%
Divide Blooming Prairie
3%
LaMoure Bluebird
3%
Traill Bohnsack
3%
Foster Bordulac
3%
Wells Bowdon
3%
Bowman Boyesen
3%
Sargent Brampton
3%
Bottineau Brander
3%
Grand Forks Brenna
3%
Richland Brightwood
3%
Barnes Brimer
3%
Hettinger Brittian
3%
Steele Broadlawn
3%
Griggs Broadview
3%
Ramsey Brocket
3%
Mountrail Brookbank
3%
Kidder Buckeye
3%
Slope Bucklin
3%
Williams Bull Butte
3%
Wells Bull Moose
3%
Kidder Bunker
3%
Burleigh Burnt Creek-Riverview
3%
McLean Byersville
3%
Cavalier Byron
3%
Burleigh Canfield
3%
Pembina Canton City (Hensel)
3%
Morton Captain's Landing
3%
Steele Carpenter
3%
Bottineau Cecil
3%
Slope Cedar Creek
3%
McKenzie Charbon
3%
Hettinger Chilton
3%
Adams Clermont
3%
Traill Clifford
3%
Steele Colgate
3%
Stutsman Conklin
3%
Slope Connor
3%
Walsh Conway
3%
Stutsman Corinne
3%
Kidder Crystal Springs
3%
Barnes Cuba
3%
Bottineau Cut Bank
3%
Cavalier Cypress
3%
Nelson Dahlen
3%
Barnes Dazey
3%
Golden Valley Delhi
3%
Cass Dows
3%
Burleigh Driscoll
3%
Walsh Dundee
3%
Dunn Dunn Center
3%
Cass Durbin
3%
Cavalier Easby
3%
Burleigh Ecklund
3%
Steele Edendale
3%
Sheridan Edgemont
3%
Ramsey Edmore
3%
Bottineau Eidsvold
3%
Ransom Elliott
3%
Grand Forks Elm Grove
3%
McKenzie Elm Tree
3%
Benson Esmond
3%
Renville Fairbanks
3%
Barnes Fingal
3%
Stutsman Flint
3%
Dickey Forbes
3%
Walsh Fordville
3%
Burke Forthun
3%
Ransom Fort Ransom
3%
Ward Foxholm
3%
Divide Frazier
3%
Eddy Freeborn
3%
Traill Galesburg
3%
Golden Valley Garner
3%
Eddy Gates
3%
Wells Germantown
3%
Burleigh Ghylin
3%
Grand Forks Gilby
3%
Cass Gill
3%
LaMoure | Stark Gladstone
3%
Steele Golden Lake
3%
Grand Forks Grace
3%
Foster Grace City
3%
McKenzie Grail
3%
LaMoure Grandview
3%
Burleigh Grass Lake
3%
Renville Grassland
3%
Richland Great Bend
3%
Barnes Greenland
3%
Stutsman Griffin
3%
Renville Grover
3%
Cass Gunkel
3%
Logan Haag
3%
Emmons Hague
3%
Griggs Hannaford
3%
Sargent Harlem
3%
Burleigh Hay Creek
3%
McHenry Hendrickson
3%
Sargent Herman
3%
Eddy | Wells Hillsdale
3%
Barnes Hobart
3%
Adams Holden
3%
Richland Homestead
3%
Walsh Hoople
3%
Cass Howes
3%
Steele Hugo
3%
Mountrail Idaho
3%
Logan Janke
3%
Stutsman Jim River Valley
3%
Pembina Joliette
3%
Barnes Kathryn
3%
Burke Keller
3%
McHenry Kief
3%
Cass Kinyon
3%
Kidder | McLean Lake Williams
3%
Grant Lark
3%
Barnes Leal
3%
Logan | McIntosh Lehr
3%
Richland Lidgerwood
3%
Divide Lincoln Valley
3%
Barnes | LaMoure Litchville
3%
Divide Long Creek
3%
McLean Longfellow
3%
Burke Lucy
3%
Ward Lund
3%
Steele Luverne
3%
Burleigh Lyman
3%
Stutsman Marstonmoor
3%
Benson McClellan
3%
Renville McKinney
3%
Foster McKinnon
3%
Nelson McVille
3%
Foster Melville
3%
Burleigh Menoken
3%
Sioux Menz
3%
Nelson Michigan City
3%
LaMoure Mikkelson
3%
Richland Mooreton
3%
Richland Moran
3%
Slope Mound
3%
Cavalier Mount Carmel
3%
Eddy Munster
3%
Rolette Mylo
3%
Cavalier Nekoma
3%
Ramsey Newland
3%
Cass Normanna
3%
McLean North Central McLean
3%
Ramsey North Creel
3%
Cavalier North Loma
3%
Cavalier North Olga
3%
Benson North Viking
3%
Stutsman Northwest Stutsman
3%
Bottineau Oak Creek
3%
Walsh Oakwood
3%
McHenry Odin
3%
McHenry Olivia
3%
Cavalier Osnabrock
3%
Eddy Paradise
3%
Towner Paulson
3%
Golden Valley Pearl
3%
Kidder Pettibone
3%
Burleigh Phoenix
3%
Mercer Pick City
3%
Bottineau Pickering
3%
Barnes Pillsbury
3%
Stutsman Pipestem Valley
3%
Stutsman Plainview
3%
Kidder Pleasant Hill
3%
Dickey Potsdam
3%
McHenry Pratt
3%
Renville Prescott
3%
Ransom Preston
3%
Ramsey Prospect
3%
Slope Rainy Butte
3%
LaMoure Raney
3%
Adams Reeder
3%
Burleigh Regan
3%
Hettinger Regent
3%
Ward Rice Lake
3%
Bottineau Richburg
3%
Benson Rich Valley
3%
McHenry Riga
3%
McKenzie Riverview
3%
McIntosh Roloff
3%
LaMoure Roscoe
3%
McLean Roseglen
3%
Traill Roseville
3%
McHenry Round Lake
3%
Ramsey Royal
3%
Nelson Rugh
3%
Cass Rush River
3%
Sargent Rutland
3%
Golden Valley Saddle Butte
3%
Barnes Sanborn
3%
LaMoure Saratoga
3%
Ward Sawyer
3%
Burleigh Schrunk
3%
Bottineau Scotia
3%
Sioux Selfridge
3%
Golden Valley Sentinel
3%
Golden Valley Sentinel Butte
3%
Stutsman Severn
3%
Slope Sheets
3%
Mountrail Shell
3%
Rolette Shell Valley
3%
Burke Short Creek
3%
Burleigh Sibley Butte
3%
Barnes Sibley Trail
3%
Towner Sidney
3%
Divide Smoky Butte
3%
McLean Snow
3%
Cavalier South Dresden
3%
Williams Southeast Williams
3%
Ramsey South Minnewaukan
3%
Cavalier South Olga
3%
Rolette South Valley
3%
Benson South Viking
3%
Williams Springbrook
3%
Barnes Spring Creek
3%
Walsh St. Andrews
3%
Bottineau Starbuck
3%
Burleigh Steiber
3%
Hettinger Steiner
3%
Bottineau Stone Creek
3%
Stutsman Strong
3%
Griggs Sverdrup
3%
Stutsman Sydney
3%
Bowman Talbot
3%
Adams Taylor Butte
3%
Hettinger Tepee Butte
3%
Burke Thorson
3%
Towner Twin Hill
3%
Benson Twin Tree
3%
McHenry Villard
3%
Richland Walcott
3%
Richland Waldo
3%
Stutsman Walters
3%
Ward Waterford
3%
Stutsman Weld
3%
Benson West Antelope
3%
Benson West Bay
3%
Richland West End
3%
Kidder Westford
3%
Renville White Ash
3%
Mountrail White Earth
3%
Slope White Lake
3%
Cass Wiser
3%
Adams Wolf Butte
3%
Kidder Woodlawn
3%
Stutsman Woodworth
3%
Richland Wyndmere
3%
Dickey Young
3%
Stutsman Ypsilanti
3%
Towner Zion
3%
Pierce Alexanter
2%
Williams Big Meadow
2%
Wells Bilodeau
2%
Williams Blacktail
2%
Williams Blue Ridge
2%
Williams Bonetraill
2%
Ward Brillian
2%
Williams Buford
2%
Ransom Casey
2%
Hettinger Castle Rock
2%
Wells Cathay
2%
Ramsey Cato
2%
Sargent Cayuga
2%
Hettinger Central Hettinger
2%
Pierce Central Pierce
2%
Slope Central Slope
2%
Ramsey Chain Lakes
2%
Wells Chaseley
2%
Bottineau Chatfield
2%
Eddy Cherry Lake
2%
Kidder Chestina
2%
Nelson Clara
2%
Griggs Clearfield
2%
Burke Cleary
2%
Dickey Clement
2%
Ransom Coburn
2%
Sargent Cogswell
2%
Burke Colville
2%
Eddy Colvin
2%
Towner Coolin
2%
Bottineau Cordelia
2%
Cass Cornell
2%
Stutsman Corwin
2%
McHenry Cottonwood Lake
2%
Mountrail Crane Creek
2%
Ramsey Creel
2%
McLean Cremerville
2%
Towner Crocus
2%
Burleigh Crofte
2%
Burleigh Cromwell
2%
Mountrail Crowfoot
2%
Kidder Crown Hill
2%
Stutsman Cusator
2%
Bottineau Dalen
2%
Divide Daneville
2%
Richland Danton
2%
Adams Darling Springs
2%
Towner Dash
2%
Mountrail Debing
2%
Slope Deep Creek
2%
McHenry Deep River
2%
McLean Deepwater
2%
Ramsey De Groat
2%
McHenry Denbigh
2%
Sheridan Denhoff
2%
Richland Devillo
2%
Walsh Dewey
2%
Richland Dexter
2%
Burke Dimond
2%
Nelson Dodds
2%
McLean Dogden
2%
Ramsey Dry Lake
2%
Adams Duck Creek
2%
Richland Duerr
2%
Sargent Dunbar
2%
Barnes Eckelson
2%
Barnes Edna
2%
Mountrail Egan
2%
McHenry Egg Creek
2%
Dickey Elden
2%
Benson Eldon
2%
Traill Eldorado
2%
Cass Eldred
2%
Stutsman Eldridge
2%
Divide Elkhorn
2%
Grand Forks Elkmount
2%
Barnes Ellsbury
2%
Richland Elma
2%
Traill Elm River
2%
Bottineau Elms
2%
Pembina Elora
2%
Pierce Elverum
2%
Bottineau Elysian
2%
Steele Enger
2%
Renville Ensign
2%
Nelson Enterprise
2%
Williams Epping
2%
Williams Equality
2%
Foster Estabrook
2%
Burleigh Estherville
2%
Ward Eureka
2%
Walsh Fairdale
2%
Grand Forks Falconer
2%
McHenry Falsen
2%
Ramsey Fancher
2%
Hettinger Farina
2%
Pembina Felson
2%
Mountrail | Walsh Fertile
2%
Divide Fertile Valley
2%
Bowman Fischbein
2%
Grant Fisher
2%
Foster Florance
2%
Burleigh Florence Lake
2%
Burke Foothills
2%
Walsh Forest River
2%
Grant Freda
2%
Ramsey Freshwater
2%
Kidder Frettim
2%
Stutsman Fried
2%
Dickey Fullerton
2%
Richland Garborg
2%
Pembina Gardar
2%
Bottineau Gardena
2%
Burke Garness
2%
Divide Garnet
2%
Bowman Gascoyne
2%
Bowman Gem
2%
Stutsman Gerber
2%
Stutsman Germania
2%
Towner Gerrard
2%
Barnes Getchell
2%
McHenry Gilmore
2%
Adams Gilstrap
2%
Cavalier Glenila
2%
LaMoure Glenmore
2%
LaMoure Golden Glen
2%
Bowman Goldfield
2%
Sheridan Goodrich
2%
Divide Gooseneck
2%
Bowman Grainbelt
2%
Towner Grainfield
2%
Eddy Grandfield
2%
Ramsey Grand Harbor
2%
Barnes Grand Prairie
2%
Bowman Grand River
2%
Dickey Grand Valley
2%
McLean Greatstone
2%
Ward Greenbush
2%
Steele Greenview
2%
McHenry Grilley
2%
Logan Gutschmidt
2%
Pierce Hagel
2%
Bowman Haley
2%
Bottineau Haram
2%
Burke Harmonious
2%
Sargent Havana
2%
Hettinger Havelock
2%
Divide Hayland
2%
Adams | Kidder Haynes
2%
Burleigh Hazel Grove
2%
Grand Forks Hegton
2%
Richland Helendale
2%
Barnes Hemen
2%
Benson Hesper
2%
Stutsman Hidden
2%
Ramsey Highland Center
2%
Bottineau Homen
2%
Stutsman Homer
2%
McLean Horseshoe Valley
2%
Towner Howell
2%
Mountrail Howie
2%
Slope Hume
2%
Richland Ibsen
2%
Benson Impark
2%
Stutsman Iosco
2%
Benson Irvine
2%
Ransom Island Park
2%
Ransom Isley
2%
Renville Ivanhoe
2%
Mountrail James Hill
2%
Dickey James River Valley
2%
Burke Kandiyohi
2%
McHenry Karlsruhe
2%
Traill Kelso
2%
LaMoure Kennison
2%
Walsh Kensington
2%
Dickey Kentner
2%
Hettinger Kern
2%
Dickey Keystone
2%
Kidder | Mountrail Kickapoo
2%
Griggs Kingsley
2%
Ramsey Klingstrup
2%
Mountrail Knife River
2%
Rolette Kohlmeier
2%
McHenry Kottke Valley
2%
Hettinger Kunze
2%
Bowman Ladd
2%
McHenry Lake George
2%
McHenry Lake Hester
2%
Benson Lake Ibsen
2%
Benson Lallie
2%
Benson Lallie North
2%
Richland LaMars
2%
Bowman Langberg
2%
Walsh Lankin
2%
Foster Larrabee
2%
McHenry Layton
2%
Burke Leaf Mountain
2%
Griggs Lenora
2%
Stutsman Lenton
2%
Nelson Leval
2%
Grand Forks Levant
2%
Richland Liberty Grove
2%
Adams Lightning Creek
2%
Ramsey Lillehoff
2%
Sheridan Lincoln Dale
2%
Stutsman Lippert
2%
McHenry Little Deep
2%
Cavalier Loam
2%
Renville Lockwood
2%
Pembina Lodema
2%
Grand Forks Logan Center
2%
Benson Lohnes
2%
Cavalier Loma
2%
Golden Valley Lone Tree
2%
Foster Longview
2%
McLean Loquemont
2%
Bottineau Lordsburg
2%
Grand Forks Loretta
2%
Mountrail Lostwood
2%
Dickey Lovell
2%
Stutsman Lowery
2%
Mountrail Lowland
2%
Dickey Ludden
2%
McLean Malcolm
2%
Wells Manfred
2%
Cavalier Manilla
2%
Mountrail Manitou
2%
Richland Mantador
2%
Sargent Marboe
2%
Sheridan Mauch
2%
Towner Maza
2%
Mountrail McAlmond
2%
Mountrail McGahan
2%
McLean McGinnis
2%
Barnes Meadow Lake
2%
McLean Medicine Hill
2%
Grand Forks Mekinock
2%
Nelson Melvin
2%
Divide Mentor
2%
Kidder Merkel
2%
Hettinger Merrill
2%
Benson Minco
2%
Slope Mineral Springs
2%
Grant Minnie
2%
Barnes Minnie Lake
2%
Benson Mission
2%
Williams Missouri Ridge
2%
Mountrail Model
2%
Dickey Monango
2%
Stutsman Moon Lake
2%
Slope Moord
2%
Grand Forks Moraine
2%
Bottineau Mount Rose
2%
Towner Mount View
2%
Renville Muskego
2%
Mountrail Myrtle
2%
Richland Nansen
2%
Burleigh Naughton
2%
Bowman Nebo
2%
Nelson Nesheim
2%
Pierce Ness
2%
Bottineau Newborg
2%
Ramsey Newbre
2%
Steele Newburgh
2%
Towner New City
2%
Ward Newman
2%
Stutsman Nogosek
2%
Barnes Noltimier
2%
LaMoure Norden
2%
Foster Nordmore
2%
McHenry Normal
2%
Benson Normania
2%
Wells Norway Lake
2%
Barnes Oakhill
2%
Bottineau Oak Valley
2%
Nelson Osago
2%
Cavalier Osford
2%
Mountrail Osloe
2%
Bottineau Ostby
2%
McLean Otis
2%
Ramsey Overland
2%
LaMoure Ovid
2%
Ransom Owego
2%
Bottineau Peabody
2%
Slope Peaceful Valley
2%
LaMoure Pearl Lake
2%
Ramsey Pelican
2%
Kidder Petersville
2%
Towner Picton
2%
Griggs Pilot Mound
2%
Walsh Pisek
2%
Benson Pleasant Lake
2%
Eddy Pleasant Prairie
2%
Williams Pleasant Valley
2%
Grand Forks Pleasant View
2%
Divide Plumer
2%
LaMoure Pomona View
2%
Ramsey Poplar Grove
2%
Dickey Port Emma
2%
Grant Pretty Rock
2%
Steele Primrose
2%
Sheridan Prophets
2%
Mountrail Purcell
2%
Kidder Quinby
2%
Barnes Raritan
2%
Mountrail Rat Lake
2%
Mountrail Redmond
2%
Pierce Reno Valley
2%
Kidder Rexine
2%
Slope Richland Center
2%
Hettinger Rifle
2%
Benson Riggin
2%
Williams Rock Island
2%
Bottineau Roland
2%
Foster Rolling Prairie
2%
Griggs Romness
2%
Eddy Rosefield
2%
Foster | McHenry Rose Hill
2%
Burke Roseland
2%
Ransom Rosemeade
2%
Griggs Rosendal
2%
Sheridan Rosenfield
2%
Stutsman Round Top
2%
Nelson Rubin
2%
Walsh Rushford
2%
Pierce Rush Lake
2%
Ward Rushville
2%
Grand Forks Rye
2%
Slope Sand Creek
2%
Ransom Sandoun
2%
Nelson Sarnia
2%
Ward Sauk Prairie
2%
Williams Sauk Valley
2%
Bottineau Scandia
2%
McHenry Schiller
2%
Ransom Scoville
2%
Cavalier Seivert
2%
Bottineau Sergius
2%
Stutsman Sharlow
2%
Ransom Shenford
2%
Steele Sherbrooke
2%
Sargent Shuman
2%
Mountrail Sidonia
2%
Mountrail Sikes
2%
Wells Silver Lake
2%
Stutsman Sinclair
2%
Divide Sioux Trail
2%
Barnes Skandia
2%
Hettinger Solon
2%
Towner Sorenson
2%
Mountrail Sorkness
2%
Wells South Cottonwood
2%
Williams South Meadow
2%
Sheridan Sperry/Goodrich
2%
Mountrail Spring Coulee
2%
Ransom Springer
2%
McHenry Spring Grove
2%
Ward Spring Lake
2%
Barnes Springvale
2%
Dickey Spring Valley
2%
Wells St. Anna
2%
Traill Stavanger
2%
Mountrail Stave
2%
Hettinger St. Croix
2%
Stutsman Stirton
2%
Divide Stoneview
2%
Williams Stony Creek
2%
Cavalier Storlie
2%
Grand Forks Strabane
2%
McHenry Strege
2%
Hettinger Strehlow
2%
Bowman Sunny Slope
2%
Barnes Svea
2%
Ransom Sydna
2%
Wells Sykeston
2%
Bottineau Tacoma
2%
Kidder Tanner
2%
Ward Tatman
2%
Burleigh Telfer
2%
Sargent Tewaukon
2%
Burleigh Thelma
2%
Pembina Thingvalla
2%
Barnes Thordenskjold
2%
Eddy Tiffany
2%
Pierce Torgerson
2%
Ramsey Triumph
2%
Burleigh Trygg
2%
Ransom Tuller
2%
Grand Forks Turtle River
2%
Pierce Tuscarora
2%
Williams Twelve Mile
2%
Griggs Tyrol
2%
Divide Upland
2%
Barnes Uxbridge
2%
Stutsman Valley Spring
2%
Mountrail Van Hook
2%
Dickey Van Meter
2%
Burke Vanville
2%
McIntosh Venturia
2%
Sargent Verner
2%
Walsh Vesta
2%
Williams View
2%
Sargent Vivian
2%
Stutsman Wadsworth
2%
McHenry Wagar
2%
Hettinger Wagendorf
2%
Cass Walburg
2%
Nelson Wamduska
2%
LaMoure Wano
2%
Mountrail Wayzetta
2%
Sargent Weber
2%
Barnes Weimer
2%
Kidder Weiser
2%
Williams West Bank
2%
Wells West Norway
2%
Wells West Ontario
2%
Bottineau Whitby
2%
Dickey Whitestone
2%
Sargent Whitestone Hill
2%
Bowman Whiting
2%
Bottineau Whitteron
2%
Sargent Willey
2%
LaMoure Willowbank
2%
McHenry Willow Creek
2%
Steele Willow Lake
2%
Bottineau Willow Vale
2%
Grant Winona
2%
Traill Wold
2%
Slope Woodberry
2%
Benson Wood Lake
2%
Divide Writing Rock
2%
Foster Wyard
2%
Williams Champion
0%
Stutsman Chase Lake
0%
Williams Climax
0%
Williams Cow Creek
0%
Wells Crystal Lake
0%
Wells Delger
0%
Williams Dry Fork
0%
Williams Ellisville
0%
Ward Elmdale
0%
Traill Ervin
0%
Ward Evergreen
0%
Wells Fairville
0%
Williams Farmvale
0%
Wells Forward
0%
Wells Fram
0%
Ward Gasman
0%
Williams Good Luck
0%
Wells Haaland
0%
Williams Hardscrabble
0%
Walsh Harriston
0%
Wells Hawksnest
0%
Wells Heimdal
0%
Traill Herberg
0%
Ward Hiddenwood
0%
Wells Hurdsfield
0%
Ward Iota Flat
0%
Williams Judson
0%
Walsh Kinloss
0%
Ward Kirkelie
0%
Walsh Lampton
0%
Walsh Latona
0%
Traill Lindaas
0%
Williams Lindahl
0%
Ward Margaret
0%
Ward Mayland
0%
Ward Nedrose
0%
Williams New Home
0%
Ward New Prairie
0%
Walsh Ops
0%
Ward Orlien
0%
Williams Orthell
0%
Wells Oshkosh
0%
Ward Passport
0%
Williams Pherrin
0%
Wells Pony Gulch
0%
Walsh Prairie Centre
0%
Wells Progress
0%
Williams Rainbow
0%
Ward Rolling Green
0%
Williams Round Prairie
0%
Wells Rusland
0%
Walsh Sauter
0%
Williams Scorio
0%
Ward Shealy
0%
Walsh Shepherd
0%
Walsh Silvesta
0%
Wells Speedwell
0%
Williams Strandahl
0%
Ward Sundre
0%
Walsh Tiber
0%
Ward Tolgen
0%
Ward Torning
0%
Williams Truax
0%
Williams Tyrone
0%
Wells Valhalla
0%
Ward Vang
0%
Walsh Walsh Centre
0%
Walsh Walshville
0%
Williams Wheelock
0%
Williams Winner
0%
Wells Woodward
0%
No matching quizzes found
Score Distribution
Percent of People with Each Score
Percentile by Number Answered
Your Score History
You have not taken this quiz